Loading...
| Fine Arts - Visual Fine Arts | 0 | 8 | 0 | 0 | 80 | 26 | 71.38 | 3 | 5 |
| Philosophy | 0 | 4 | 1 | 0 | 35 | 54 | 76.00 | 0 | 3 |
| Literature - World/Other Literature | 0 | 3 | 0 | 0 | 30 | 72 | 96.67 | 1 | 2 |
| History - World History | 0 | 3 | 0 | 1 | 30 | 38 | 90.33 | 0 | 2 |
| Literature - European Literature | 0 | 3 | 0 | 0 | 30 | 108 | 124.33 | 0 | 0 |
| Mythology | 0 | 3 | 1 | 0 | 25 | 68 | 87.67 | 0 | 1 |
| Science - Biology | 0 | 2 | 0 | 0 | 20 | 73 | 93.50 | 1 | 1 |
| History - Other History | 0 | 2 | 0 | 1 | 20 | 129 | 129.00 | 0 | 0 |
| Fine Arts - Other Fine Arts | 0 | 2 | 0 | 0 | 20 | 112 | 113.50 | 0 | 2 |
| Science - Chemistry | 0 | 2 | 0 | 1 | 20 | 78 | 94.50 | 0 | 0 |
| Science - Other Science | 0 | 2 | 0 | 0 | 20 | 102 | 114.50 | 1 | 1 |
| Social Science | 0 | 1 | 0 | 0 | 10 | 95 | 95.00 | 0 | 0 |
| Geography/Current Events | 0 | 1 | 0 | 1 | 10 | 114 | 114.00 | 0 | 0 |
| History - European History | 0 | 1 | 0 | 0 | 10 | 132 | 132.00 | 0 | 0 |
| Literature - British Literature | 0 | 1 | 0 | 0 | 10 | 130 | 130.00 | 0 | 0 |
| Other Academic | 0 | 1 | 0 | 0 | 10 | 103 | 103.00 | 0 | 0 |
| Religion | 0 | 1 | 0 | 1 | 10 | 133 | 133.00 | 0 | 0 |
| Fine Arts - Classical Music | 0 | 1 | 0 | 1 | 10 | 134 | 134.00 | 0 | 1 |
| History - American History | 0 | 0 | 1 | 0 | -5 | 0.00 | 0 | 0 | |
| Literature - American Literature | 0 | 0 | 1 | 0 | -5 | 0.00 | 0 | 0 |